Practical Hand book of Pharmacognosy and Phytochemistry-II (Record no. 13908)

MARC details
000 -LEADER
fixed length control field 00449nam a22001697a 4500
003 - CONTROL NUMBER IDENTIFIER
control field OSt
008 - FIXED-LENGTH DATA ELEMENTS--GENERAL INFORMATION
fixed length control field 260416b |||||||| |||| 00| 0 eng d
020 ## - INTERNATIONAL STANDARD BOOK NUMBER
International Standard Book Number 9789357414586
082 ## - DEWEY DECIMAL CLASSIFICATION NUMBER
Classification number 615.321 LAP
100 ## - MAIN ENTRY--PERSONAL NAME
Personal name LAKSHMI DEVI
245 ## - TITLE STATEMENT
Title Practical Hand book of Pharmacognosy and Phytochemistry-II
260 ## - PUBLICATION, DISTRIBUTION, ETC. (IMPRINT)
Place of publication, distribution, etc India
Name of publisher, distributor, etc BlueRose
Date of publication, distribution, etc 2023
300 ## - PHYSICAL DESCRIPTION
Extent 135
650 ## - SUBJECT ADDED ENTRY--TOPICAL TERM
Topical term or geographic name as entry element Pharmacognosy and Phytochemistry-II
942 ## - ADDED ENTRY ELEMENTS (KOHA)
Source of classification or shelving scheme Dewey Decimal Classification
Koha item type Text Books
Holdings
Withdrawn status Lost status Source of classification or shelving scheme Damaged status Not for loan Collection code Home library Current library Date acquired Source of acquisition Currency Cost, normal purchase price Bill Number Total Checkouts Full call number Acc. no. / Barcode Date last seen Bill Date Koha item type
    Dewey Decimal Classification     Diploma in Pharmacy PIET C-LIBRARY PIET C-LIBRARY 11/04/2026 Zafaa Books Distributres Indian Rup 196.00 ZBD-26-27-0007   615.321 LAP DP1525 16/04/2026 07/04/2026 Reference Books
    Dewey Decimal Classification     Diploma in Pharmacy PIET C-LIBRARY PIET C-LIBRARY 11/04/2026 Zafaa Books Distributres Indian Rup 196.00 ZBD-26-27-0007   615.321 LAP DP1526 16/04/2026 07/04/2026 Text Books

Design & Developed by: PIET Central Library
R70 Miles Stone Pattikalyana Samalkha Panipat 132102
mail ID :- [email protected], Phone No:- 0180-2569700 Ex.216